00000000nam##2200000za#4500
0019.654662
003CaOODSP
00520200330130953
007ta
008150407|1990||||xxc|||||     f|0| 0 fre|d
020 |a0-662-57888-0
040 |aCaOODSP|bfre
041 |aeng
041 |afre
043 |an-cn---
0861 |aH42-2/43-1990
1101 |aCanada.|bSanté et Bien-être social Canada. |bDirection générale de la protection de la santé.
24510|aAttitudes, perceptions et comportements liés à la consommation de médicaments d'ordonnance : |bun rapport de recherche présenté au ministère de la Santé nationale et Bien-être social / |cPréparé par Decima Research. Publié par la Direction des médicaments.
260 |aOttawa - Ontario : |bSanté et Bien-être social Canada. |c1990.
300 |aTexte français, 51p. : |btableaux ; |c28 cm.
546 |aBilingue
563 |aCouverture souple
69107|aMédicament|2gcpds
69107|aÉthique|2gcpds
7760#|tAttitudes, perceptions et comportements liés à la consommation de médicaments d'ordonnance : |w(CaOODSP)9.639908
7760#|tAttitudes, perceptions and behaviour relating to ethical medicines : |w(CaOODSP)9.695816
791 |tAttitudes, perceptions and behaviour relating to ethical medicines : |eeng|w(CaOODSP)9.654661
986 |aDD-90-13